00742pam a2200241 a 4500001000800000005001700008008004100025010001700066020001500083040001800098041000800116043001200124080001600136082002000152100000700172101000800179245007400187504005000261906004500311942001200356999001700368952011500385307083820180216091122.0970508s1997 vau b 000 0 eng  a 97021007  a0871202832 aDLCcDLCdDLC aeng an-us--- a370.711 SPA00a370.711 SPA2211 a47 aEDU12aA new vision for staff development /cDennis Sparks, Stephanie Hirsh. aIncludes bibliographical references (p. 101). a7bcbccorignewd1eocipf19gy-gencatlg 2ddccBK c42844d42844 00102udc40708PËKGa002b002cPËKGd2018-02-16l0o370.711 SPAp002-2998350r2018-02-16w2018-02-16yBK